Jujutsu Shenanigans - All Moves - Statistics

General Stats
  • This quiz has been taken 184 times
  • The average score is 32 of 67
Answer Stats
Hint Answer % Correct
Honored One L
91%
Honored One Awakening L
91%
Vessel L
91%
Vessel Awakening L
91%
Restless Gambler L
91%
Restless Gambler Awakening L
91%
Ten Shadows L
91%
Ten Shadows Awakening L
91%
Mahoraga L
91%
Perfection L
91%
Perfection Awakening L
91%
Perfection Super Awakening L
91%
Blood Manipulator L
91%
Move 2 Reversal Red
80%
Move 1 Lapse Blue
79%
Move 3 Hollow Purple
78%
Move 4 Infinite Void
72%
Move 4 Manji Kick
68%
Move 4 Malevolent Shrine
65%
Move 1 Cursed Strikes
63%
Move 1 Dismantle
62%
Move 3 Divergent Fist
61%
Move 2 Nue
60%
Move 3 Rush
60%
Move 2 Open
59%
Move 3 Rapid Punches
59%
Move 4 Twofold Kick
58%
Move 1 Lapse Blue MAX
54%
Move 2 Shutter Doors
53%
Move 3 Toad
53%
Move 1 Rabbit Escape
52%
Move 2 Reversal Red MAX
52%
Move 2 Crushing Blow
49%
Move 4 Mahoraga
48%
Move 1 Max Elephant
45%
Move 3 Rough Energy
40%
Move 2 Great Serpent
34%
Move 2 Lucky Rushdown
33%
Move 1 Reserve Balls
33%
Move 4 Divine Dog: Totality
31%
Move 4 Fever Breaker
31%
Move 4 (Defense) Adaptation
28%
Move 3 Shadow Swarm
27%
Move 4 (Adaptation) World Slash
26%
Move 4 Energy Surge
24%
Move 3 Focus Strike
24%
Move 1 Idle Transfiguration
24%
Move 3 Overwhelming Luck
24%
Move 1 Divine Pummel
23%
Move 1 Lucky Volley
23%
Move 2 Soul Fire
22%
Move 4 Body Repel
21%
Move 1 Piercing Blood
20%
Move 3 Earthquake
19%
Move 3 Supernova
19%
Move 1 Stockpile
18%
Move 4 (Attack) Takedown
18%
Move 4 Self-Embodiment of Perfection
16%
Move 4 Head Splitter
15%
Move 1 Widespread Strikes
13%
Move 2 Body Disfigure
12%
Move 3 Crushing Rushdown
11%
Move 2 Ground Pitch
11%
Move 4 Blood Edge
9%
Move 2 Flowing Red Scale
9%
Move 3 Spike Wrath
9%
Move 2 Face Blitz
8%
No matching quizzes found
Score Distribution
Percent of People with Each Score
Percentile by Number Answered
Your Score History
You have not taken this quiz